000 00831cam a2200277 i 4500
001 bg
003 KOSZ 005
005 20210118134626.0
008 000620s2000 pl a f |000 0 pol
015 _aPB 2000/12952
020 _a8388007378
040 _aWA N
_cKOSZ 005/HR
_dKOSZ 005/HR
041 0 _apol
080 _a006.91
080 _a519.2
080 _a519.86
100 1 _aMazerski, Jan
_eAutor
245 1 0 _aPodstawy chemometrii /
_cJan Mazerski.
260 _aGdańsk :
_bWydaw. Politechniki Gdańskiej,
_c2000.
300 _a189, [1] s. :
_bil. ;
_c24 cm.
504 _aBibliogr.
650 4 _aChemometria
710 2 _aPolitechnika Gdańska.
_bWydawnictwo.
_4pbl.
856 _uhttp://koha.tu.koszalin.pl/cgi-bin/koha/opac-detail.pl?biblionumber=38415
_yKatalog online BPK
942 _2UKD
_cKS
999 _c38415
_d38415